| 000 | 00409nam a22001697a 4500 | ||
|---|---|---|---|
| 005 | 20251108172554.0 | ||
| 008 | 250721s9999 xx 000 0 eng d | ||
| 082 | 1 | 4 | _a150STE |
| 100 | 1 | _aSternberg, Robert | |
| 245 | 1 | 0 | _aPathWays To Psychology / |
| 250 | _a2nd | ||
| 264 | 1 |
_aNew York : _bHarcourtژCollege Publishers, |
|
| 300 | _a610p | ||
| 650 | 1 | 7 | _aPsychology |
| 942 |
_2ddc _cBK |
||
| 999 |
_c82856 _d82856 |
||